| 000 | 02122cam a22005054i 4500 | ||
|---|---|---|---|
| 003 | PE-LiUPU | ||
| 005 | 20250731165503.0 | ||
| 008 | 150623s r 000 0 d | ||
| 020 | _a185075876X | ||
| 035 | _a(Sirsi) i9781850758761 | ||
| 040 |
_aPE-LiUPU _bspa _cPE-LiUPU _erda |
||
| 049 | _aPRUA | ||
| 082 | 0 | 4 |
_a221.07 _bJ _221 |
| 100 | 1 |
_aBuss, Martin J., _eautor. |
|
| 245 | 1 | 0 |
_aBiblical form criticism in its context. _n274 / _cMartin J. Buss. |
| 264 | 1 |
_aSheffield, England : _bSheffield Academic Press, _c1999. |
|
| 300 |
_a512 páginas ; _c23 centímetros |
||
| 336 |
_atext _2rdacontent |
||
| 337 |
_aunmediated _2rdamedia |
||
| 338 |
_avolume _2rdacarrier |
||
| 490 | 0 |
_aJournal for the Study of the Old Testament. Supplement Series ; _v274 |
|
| 504 | _aIncluye bibliografía. | ||
| 505 | 0 | _aRecognizing forms. -Biblical Patterns. -Graeco-Roman theories of form. -Early and medieval analyses. -Postmedieval exminations of form. -Formal analysis during the reign of historiograohy. -Outside biblical studies. -Jewish analyses of form. -Roman catholic views of literary form. -The bible as literature protestant analyses largel y by or nonspecialists. -Form in specialist protestant studies of the Hebrew. | |
| 526 | _aSEG44 | ||
| 526 | _aSEG26 | ||
| 526 | _aP151 | ||
| 526 | _aP150 | ||
| 526 | _aP149 | ||
| 526 | _aP146 | ||
| 526 | _aP145 | ||
| 526 | _aP126 | ||
| 526 | _aP125 | ||
| 526 | _aP92 | ||
| 526 | _aP75 | ||
| 526 | _aP74 | ||
| 526 | _aP27 | ||
| 526 | _aP15 | ||
| 630 |
_aBiblia _xCrítica, interpretación, etc. |
||
| 942 |
_2ddc _cBOOK |
||
| 949 |
_aRC 221.07 J 274 _wDEWEY _c1 _i46607 _lCCODEBUL1 _mBUL _r0 _sY _tBOOK _u2015-6-24 _xTEOLOGIA _PP35 _0COMPRA _o.CIRCNOTE. No olvidar cambiar la fecha de devolución!!!!!!! _o.STAFF. Colección General |
||
| 994 |
_aC0 _bPEPRU |
||
| 596 | _a1 | ||
| 999 |
_aRC 221.07 J 274 _wDEWEY _c23395 _i46607 _f2021-11-8 _g6 _lCCODEBUL1 _mBUL _r1 _sY _tBOOK _u2015-6-24 _xTEOLOGIA _PP35 _0COMPRA _o.CIRCNOTE. No olvidar cambiar la fecha de devolución!!!!!!! _o.STAFF. Colección General _d23395 |
||
| 980 |
_81 _gALBERTO SANCHEZ Responsable de Automatización |
||